Teatre, guerra i revolució : Barcelona, 1936-1939 / Francesc Foguet i Boreu Barcelona, 1936-1939 / Francesc Foguet i Boreu
ISBN:
84-8415-723-7
Descripción Física:
150 p. ; 22 cm
Colección:
Textos i estudis de cultura catalana ; 103
MARC
| LEADER | 00000nam a2200000Ia 4500 | ||
|---|---|---|---|
| 001 | 18603 | ||
| 008 | 160829s2005 xx 000 0 cat d | ||
| 020 | |a 84-8415-723-7 | ||
| 080 | |a H-3-9 | ||
| 100 | |a Foguet i Boreu, Francesc, |d 1971- |9 45109 | ||
| 245 | |a Teatre, guerra i revolució : |b Barcelona, 1936-1939 / Francesc Foguet i Boreu | ||
| 260 | |a Barcelona : |b Publicacions de l'Abadia de Montserrat, |c 2005 | ||
| 300 | |a 150 p. ; |c 22 cm | ||
| 490 | |a Textos i estudis de cultura catalana ; 103 | ||
| 590 | |a Bibliografia. | ||
| 590 | |a S'ha utilitzat el fons de l'Arxiu General de la Diputació de Barcelona | ||
| 650 | |a Teatre català |x Història i crítica |x S. XX |9 45110 | ||
| 651 | 0 | |a Barcelona (Catalunya) |x Història |y 1936-1939, Guerra Civil |9 55762 | |
| 901 | |a Arxiu | ||
| 942 | |n 1 | ||
| 952 | |0 0 |1 0 |4 0 |6 H39 |7 1 |9 52376 |a Arxiu |b Arxiu |d 2016-12-01 |l 0 |o H-3-9 |p 18603 |r 2016-12-01 00:00:00 |w 2016-12-01 |y ARXIU | ||
| 999 | |c 56224 |d 56224 | ||